Della libertà condizionale dei condannati / (Record no. 160718)

MARC details
000 -LEADER
campo de control de longitud fija 00992nam a2200205 i 4500
001 - NÚMERO DE CONTROL
campo de control 160718
003 - IDENTIFICADOR DE NÚMERO DE CONTROL
campo de control ES-MaACL
005 - FECHA Y HORA DE LA ÚLTIMA TRANSACCIÓN
campo de control 20250719062544.0
008 - DATOS DE LONGITUD FIJA--INFORMACIÓN GENERAL
campo de control de longitud fija 041015s1880 it |||| | ita d
100 1# - ENTRADA PRINCIPAL--NOMBRE DE PERSONA
Nombre de persona Nocito, Pietro.
9 (RLIN) 130507
245 10 - MENCIÓN DEL TÍTULO
Título Della libertà condizionale dei condannati /
Mención de responsabilidad, etc. studio dell'avv. Pietro Nocito.
260 ## - PUBLICACIÓN, DISTRIBUCIÓN, ETC.
Lugar de publicación, distribución, etc. Roma :
Nombre del editor, distribuidor, etc. [s.n.],
Fecha de publicación, distribución, etc. 1880 (
Fabricante Tip. Artero e Comp.)
300 ## - DESCRIPCIÓN FÍSICA
Extensión 164 p. ;
Dimensiones 22 cm.
650 #4 - PUNTO DE ACCESO ADICIONAL DE MATERIA--TÉRMINO DE MATERIA
Término de materia o nombre geográfico como elemento de entrada Libertad condicional.
9 (RLIN) 136405
852 ## - LOCALIZACIÓN
Ubicación ES-MaACL
Número de control de estantería D-84(2)
itemnumber 166738
Sublocalización o colección R.FOLL.4/2
Ubicación en estantería Sala Valle Inclán
Signatura antigua Olim: 193-C-10
Marcas de propiedad Sello en tinta en portada: "Donativo del Sr. Lastres al Ateneo de Madrid 1907"
Anotaciones manuscritas Anotación manuscrito en portada: "Folletos penitenciarios. Tomo 10"
Donativo/Legado Donación: Francisco Lastres y Juiz
Encuadernación Encuadernacion holandesa
-- Encuadernado con otras obras formando un volumen facticio
903 ## - NOMBRE PERSONAL DE DONANTE
a Lastres y Juiz, Francisco,
d 1848-1918
q 1
e Donante
9 70504
942 ## - ELEMENTOS DE ENTRADA SECUNDARIOS (KOHA)
Fuente del sistema de clasificación o colocación Clasificación decimal universal
Tipo de ítem Koha Libro impreso antiguo
Holdings
Estatus retirado Estado de pérdida Fuente del sistema de clasificación o colocación Estado de daño No para préstamo Colección Biblioteca de origen Biblioteca actual Ubicación en estantería Fecha de adquisición Fuente de adquisición Total de préstamos Signatura topográfica completa Código de barras Visto por última vez Precio de reemplazo Tipo de ítem Koha
    Clasificación decimal universal     Libros del s. XIX Biblioteca del Ateneo de Madrid Biblioteca del Ateneo de Madrid Sala Valle Inclán 17/01/2008 Donación   D-84(2) 901168300 23/02/2023 23/02/2023 Libro impreso antiguo